|
|
|
|
| LEADER |
00000nas a2200000 a 4500 |
| 001 |
ssj0025118 |
| 003 |
WaSeSS |
| 005 |
20200512172242.0 |
| 006 |
m d |
| 007 |
cr n |
| 008 |
100806c19859999coufr p s 0 a0eng c |
| 010 |
|
|
|a 2011234628
|
| 022 |
|
|
|a 2328-6962
|y 0888-6091
|
| 035 |
|
|
|a (WaSeSS)ssj0025118
|
| 040 |
|
|
|a OCLCE
|b eng
|c OCLCE
|d MUX
|d CUD
|d OCLCQ
|d EYM
|d HLS
|d OCLCQ
|d OCLCA
|d DLC
|d OCLCQ
|d OCLCA
|d OCLCF
|d DLC
|d OCLCQ
|d ZAC
|d AU@
|d CNTRU
|d WaSeSS
|
| 041 |
0 |
|
|a spa
|a eng
|
| 042 |
|
|
|a dlr
|a pcc
|a nsdp
|
| 043 |
|
|
|a cl-----
|a e-sp---
|
| 050 |
|
4 |
|a PQ7081.A1
|b C583
|
| 050 |
|
4 |
|a AP62
|b .C59
|
| 082 |
0 |
0 |
|a 946
|2 23
|
| 130 |
0 |
|
|a Confluencia (Greeley, Colo.)
|
| 222 |
|
0 |
|a Confluencia
|b (Greeley, Colo. Online)
|
| 245 |
1 |
0 |
|a Confluencia
|h [electronic resource].
|
| 260 |
|
|
|a Greeley, CO :
|b University of Northern Colorado,
|c 1985-
|
| 310 |
|
|
|a Semiannual
|
| 362 |
1 |
|
|a Began with vol. 1, no. 1 (fall 1985).
|
| 500 |
|
|
|a "Revista hispánica de cultura y literatura."
|
| 506 |
|
|
|a License restrictions may limit access.
|
| 538 |
|
|
|a Master and use copy. Digital master created according to Benchmark for Faithful Digital Reproductions of Monographs and Serials, Version 1. Digital Library Federation, December 2002.
|u http://purl.oclc.org/DLF/benchrepro0212
|5 MiAaHDL
|
| 546 |
|
|
|a Spanish and English.
|
| 550 |
|
|
|a Official journal of: the Dept. of Hispanic Studies, University of Northern Colorado.
|
| 583 |
1 |
|
|a digitized
|c 2010
|h HathiTrust Digital Library
|l committed to preserve
|2 pda
|5 MiAaHDL
|
| 588 |
|
|
|a Description based on: Vol. 1, no. 1 (fall 1985); title from PDF cover (JSTOR, viewed Aug. 12, 2011).
|
| 588 |
|
|
|a Latest issue consulted: Vol. 25, no. 1 (fall 2009) (JSTOR, viewed Apr. 29, 2013).
|
| 650 |
|
0 |
|a Latin American literature
|x History and criticism
|v Periodicals.
|
| 650 |
|
0 |
|a Spanish literature
|x History and criticism
|v Periodicals.
|
| 650 |
|
0 |
|a Civilization, Hispanic
|v Periodicals.
|
| 650 |
|
6 |
|a Littérature hispano-américaine
|x Histoire et critique
|v Périodiques.
|
| 650 |
|
6 |
|a Civilisation hispanique
|v Périodiques.
|
| 650 |
|
7 |
|a Civilization, Hispanic.
|2 fast
|0 (OCoLC)fst00863026
|
| 650 |
|
7 |
|a Latin American literature.
|2 fast
|0 (OCoLC)fst00993031
|
| 650 |
|
7 |
|a Spanish literature.
|2 fast
|0 (OCoLC)fst01128568
|
| 651 |
|
6 |
|a Espagne
|x Étude et enseignement
|v Périodiques.
|
| 651 |
|
6 |
|a Amérique latine
|x Étude et enseignement
|v Périodiques.
|
| 655 |
|
0 |
|a Electronic journals.
|
| 710 |
2 |
|
|a University of Northern Colorado.
|b Department of Hispanic Studies.
|
| 776 |
0 |
8 |
|i Print version:
|t Confluencia (Greeley, Colo.)
|x 0888-6091
|w (DLC)sn 86014559
|w (OCoLC)13657913
|
| 856 |
4 |
0 |
|z Full text available from PRISMA Database with HAPI Index: 10/01/2003 to 10/31/2016
|u https://search.proquest.com/publication/15574
|